Inter Milan - Tous les joueurs de 2000 à 2010 - Statistiques

Statistiques générales
  • Ce quiz a été pris 18 fois
  • Le résultat moyen est 23 sur 150
Statistiques - réponses
Saisons Nationalité Joueur Nombre
De Matchs
Poste % Correct
1998 - 19992001 - 2006 Italie CristianoZanetti 146 M
92%
1995 - 2014 Argentine JavierZanetti 858 D/M
92%
2006 - 2009 Suède ZlatanIbrahimovic 117 A
92%
2004 - 2014 Argentine EstebanCambiasso 431 M
83%
2009 - 2011 Cameroun SamuelEto'o 102 A
83%
2005 - 20062007 - 2008 Brésil César 36 M
75%
2003 - 2014 Serbie DejanStankovic 326 M
75%
2009 - 2014 Argentine DiegoMilito 171 A
75%
2005 - 2012 Brésil JulioCésar 300 G
75%
2009 - 2012 Brésil Lucio 136 D
75%
2007 - 2014 Roumanie CristianChivu 169 D
67%
2009 - 2011 MacédoineDu Nord GoranPandev 69 A
67%
2006 - 2012 Brésil Maicon 248 D
67%
1997 - 2002 Brésil Ronaldo 99 A
67%
2009 - 2013 Pays - Bas WesleySneijder 116 M
67%
2002 - 20032006 - 2009 Argentine HernanCrespo 116 A
58%
1999 - 2012 Colombie IvanCordoba 455 D
58%
2005 - 2014 Argentine WalterSamuel 236 D
58%
2001 - 20022003 - 2009 Brésil Adriano 177 A
50%
1998 - 19992000 - 2001 Italie AndreaPirlo 40 M
50%
1999 - 2005 Italie ChristianVieri 190 A
50%
2005 - 2009 Italie LuisFigo 140 A
50%
2001 - 2011 Italie MarcoMaterazzi 276 D
50%
2002 - 2004 Italie FabioCannavaro 74 D
42%
2007 - 2010 Italie MarioBalotelli 86 A
42%
2006 - 2010 France PatrickVieira 91 M
42%
2001 - 2010 Italie FrancescoToldo 233 G
33%
2006 - 2009 Brésil Maxwell 105 D
33%
1997 -2007 Uruguay AlvaroRecoba 261 A
25%
1999 - 2002 Pays - Bas ClarenceSeedorf 93 M
25%
2006 - 2007 Italie FabioGrosso 35 D
25%
2004 - 2006 Argentine Juan SebastianVeron 74 M
25%
1999 - 2001 France LaurentBlanc 86 D
25%
2007 - 2008 Portugal Maniche 11 M
25%
2008 - 2010 Portugal RicardoQuaresma 32 A
25%
2005 - 2006 Chili DavidPizarro 40 M
17%
2004 - 2005 Pays - Bas EdgarDavids 23 M
17%
2003 - 2005 Grèce GeorgiosKaragounis 36 M
17%
1996 - 2001 Chili IvanZamorano 149 A
17%
2003 - 2006 Argentine KilyGonzalez 75 M
17%
2006 - 2007 Argentine MarianoGonzalez 24 M/A
17%
2006 - 2009 France OlivierDacourt 51 M
17%
2008 - 2012 Ghana SulleyMuntari 97 M
17%
2009 - 2012 Italie ThiagoMotta 83 M
17%
1997 - 2001 France BenoitCauet 147 M
8%
1998 - 2002 Croatie DarioSimic 91 D
8%
2007 - 20082009 - 2010 Honduras DavidSuazo 41 A
8%
2001 - 2005 Turquie EmreBelozoglu 115 M
8%
2004 - 2005 Uruguay FabianCarini 9 G
8%
2007 - 2008 Italie FilippoMancini 1 A
8%
2002 - 2003 Argentine GabrielBatistuta 12 A
8%
2000 - 2002 Turquie HakanSukur 35 A
8%
2006 - 20072010 - 2011 2015 - 2017 France JonathanBiabiany 50 A
8%
2003 - 2009 Argentine JulioCruz 197 A
8%
1999 - 2003 Italie LuigiDi Biagio 163 M
8%
2008 - 2011 Brésil Mancini 36 M/A
8%
2009 - 20102023 - 2025 Autriche MarkoArnautovic 65 A
8%
2004 - 2009 Argentine NicolasBurdisso 139 D
8%
2002 - 2006 Nigéria ObafemiMartins 136 A
8%
2003 - 2004 France SabriLamouchi 26 M
8%
2005 - 2008 Argentine SantiagoSolari 71 M
8%
1998 - 19992000 - 2001 Italie SébastienFrey 47 G
8%
2000 - 2003 France StéphaneDalmat 66 M
8%
2007 - 2008
Italie AimanNapoli 1 A
0%
2001 - 2005 Italie AlbertoFontana 24 G
0%
2009 - 2010 Serbie AlenStevanovic 1 A
0%
2002 - 2003 Italie AlessandroPotenza 1 D
0%
2003 - 20052021 - 2023 Italie AlexCordaz 2 G
0%
2001 - 2003 Argentine AndrésGuglielminpietro 48 M
0%
2003 - 2005 Pays - Bas AndyVan Der Meyde 54 A
0%
2000 - 2001 Italie AnselmoRobbiati 1 A
0%
2000 - 2001 Uruguay AntonioPacheco 2 A
0%
2006 - 2007 Croatie AttilaFilkor 2 M
0%
2002 - 2003 Italie BernardoCorradi 1 A
0%
2000 - 2001 Italie BrunoCirillo 26 D
0%
2002 - 2005 Paraguay CarlosGamarra 44 D
0%
2000 - 2001 Italie CistianBrocchi 18 M
0%
2000 - 2001 Italie CorradoColombo 5 A
0%
1999 - 2001 CoteD'Ivoire CyrilDomoraud 11 D
0%
2002 - 2004 Italie DanieleAdani 45 D
0%
2005 - 2006 Cameroun Daniel MaaBoumsong 3 M
0%
2008 - 20112014 - 2018 Italie DavideSanton 110 D
0%
2004 - 2005 Italie DinoMarino 3 M
0%
2005 - 2006 Italie DomenicoGerminale 1 A
0%
2002 - 2003 Italie DomenicoMorfeo 27 M
0%
2007 - 2008 Italie EnricoAlfonso 1 G
0%
2000 - 2001 Italie FabioMacellari 16 D
0%
2004 - 2005 Italie FabrizioBiava 1 D
0%
2006 - 2009 Italie FrancescoBolzoni 7 M
0%
2002 - 2005 Italie FrancescoCoco 41 D/M
0%
2007 - 2008 Italie GabrielPuccio 2 M
0%
2002 - 2005 Italie GiovanniPasquale 56 D/M
0%
2009 - 2010 Italie GiulioDonati 1 D
0%
2004 - 2006 Italie GiuseppeFavalli 68 D
0%
2001 - 2003 Uruguay GonzaloSorondo 12 D
0%
2005 - 2007 Macédoine GoranSlavkovski 2 A
0%
1999 - 20002001 - 2002 Gréce GrigorisGeorgatos 46 D
0%
2006 - 2008 Belgique IbrahimMaaroufi 6 M
0%
2005 - 2006 Italie IlarioAloe 1 A
0%
2003 - 2004 Nigéria IsahEliakwu 1 A
0%
2000 - 2004 Espagne JavierFarinos 77 M
0%
2003 - 2004 France JérémieBréchet 14 D
0%
2006 - 2007 Grèce LamprosChoutos 3 A
0%
2005 - 2007 Italie LeonardoBonucci 4 D
0%
2002 - 2003 Italie LucaFranchini 2 D
0%
2007 - 2008 Italie LucaSiligardi 2 A
0%
2003 - 2004 Brésil Luciano 7 M
0%
2007 - 2009 Chili LuisJimenez 30 M
0%
2004 - 20072013 - 2015 2016 - 2017 Italie MarcoAndreolli 39 D
0%
2000 - 2001 Italie MarcoBallotta 11 G
0%
2000 - 2001 Italie MarcoFerrante 11 A
0%
2007 - 2008 Italie MarcoFilippini 1 D
0%
2002 - 2004 Italie MarioRebecchi 2 M
0%
2002 - 2004 Argentine MatiasAlmeyda 47 M
0%
2000 - 2001 Italie MatteoFerrari 27 D
0%
2005 - 2006 Italie MatteoMomente 3 A
0%
2002 - 2003 Italie MattiaAltobelli 1 M
0%
2009 - 20112012 - 2013 Kenya McDonaldMariga 36 M
0%
1999 - 2002 Italie MicheleSerena 39 D
0%
2001 - 2004 SierraLeone MohamedKallon 65 A
0%
2007 - 20092010 - 2011 Colombie NelsonRivas 28 D
0%
2001 - 2003 Argentine NelsonVivas 22 D
0%
2000 - 2003 Italie NicolaBeati 6 M
0%
2002 - 2003 Italie NicolaNapolitano 4 M
0%
1998 - 19992001 - 2002 Italie NicolaVentola 64 A
0%
2001 - 2004 Turquie OkanBuruk 42 M
0%
2004 - 2005 Italie PaoloDellafiore 1 D
0%
2005 - 2012 Italie PaoloOrlandoni 6 G
0%
2001 - 2002 Italie PasqualePadalino 1 D
0%
2007 - 2008 Portugal Pelé 22 M
0%
2005 - 2006 Cameroun PierreWomé 26 D
0%
2000 - 2001 Italie RaffaeleTrezzi 1 M
0%
2009 - 20102014 - 2015 Slovénie ReneKhrin 10 M
0%
2000 - 2001 Italie RiccardoFissore 1 D
0%
2004 - 2005 Italie RiccardoMeggiorini 1 A
0%
2000 - 2001 Irlande RobbieKeane 15 A
0%
2001 - 2002 Italie SalvatoreFerraro 2 D
0%
2006 - 2007 Uruguay Sebastian Ribas 1 A
0%
2001 - 2003 Portugal SergioConceiçao 65 A
0%
2006 - 2007 Italie SimoneFautario 2 D
0%
2004 - 2006 Serbie SinisaMihajlovic 43 D
0%
2000 - 2001 Argentine SixtoPeralta 3 M
0%
2003 - 2004 Danemark ThomasHelveg 32 D
0%
2004 - 2005 Tunisie TijaniBelaid 1 M
0%
2000 - 2001 Brésil Vampeta 8 M
0%
2008 - 2009 Nigéria VicorObinna 11 A
0%
1999 - 2001 Serbe VladimirJugovic 50 M
0%
2000 - 2002 RépubliqueTchèque VratislavGresko 54 D
0%
2002 - 2003 Brésil WellingtonFraga 1 M
0%
2004 - 2006 Brésil Ze Maria 49 D
0%
Aucun quiz correspondant
Distribution des résultats
% des personnes avec chaque résultat
Percentile par nombre de réponses
Votre historique - résultats
Vous n’avez pas pris ce quiz